Praktické aspekty manažérstva duševného vlastníctva v malých a stredných podnikoch (správna prax v oblasti ochrany a zhodnocovania duševného vlastníctva) vývoj ekonomického prostredia a význam duševného vlastníctva v SR

Skúsenosti členských štátov Európskej únie v oblasti manažérstva duševného vlastníctva (DV). 10 zásad pre integráciu DV do podnikateľskej praxe malých a stredných podnikov:

Salvato in:
Dettagli Bibliografici
Autore principale: Knopp, Juraj
Natura: Capitolo di libro
Lingua:slovacco
Soggetti:
Tags: Aggiungi Tag
Nessun Tag, puoi essere il primo ad aggiungerne!!

MARC

LEADER 00000naa$a2200000$$$4500
001 0027228
005 20231108132253.0
041 0 |a slo 
044 |a SK 
245 1 0 |a Praktické aspekty manažérstva duševného vlastníctva v malých a stredných podnikoch (správna prax v oblasti ochrany a zhodnocovania duševného vlastníctva)  |b vývoj ekonomického prostredia a význam duševného vlastníctva v SR  |c Juraj Knopp 
520 |a Skúsenosti členských štátov Európskej únie v oblasti manažérstva duševného vlastníctva (DV). 10 zásad pre integráciu DV do podnikateľskej praxe malých a stredných podnikov: 
610 2 0 |a vlastníctvo duševné 
610 2 0 |a manažment 
610 2 0 |a podnik malý 
610 2 0 |a podnik stredný 
610 2 0 |a ochrana vlastníctva 
610 2 0 |a Slovensko 
610 2 0 |a Európska únia 
100 1 |a Knopp, Juraj